00569nam a22001817a 4500003000200000005001700002008004100019020002200060050002300082100002500105245007000130250001800200260003200218300004600250500001400296504006300310650001400373020230929144043.0230929b xxu||||| |||| 00| 0 eng d a978-0-357-64000-5 aPE 1408b.Y34 2022 aYagelski, Robert P.  aThe essentials of writing: ten core conceptsc Robert P. Yagelski aThird edition aBoston, MAbCengagecc2022. axviii, 392 pages :bcol. ill. ; c23 cm.  aWriting.  aIncludes bibliographical references, glossary, and index.  aWriting.